Complete the Sequences #3 - Statistics

General Stats
  • This quiz has been taken 200 times
  • The average score is 6 of 12
Answer Stats
Hint Answer % Correct
Chess Pieces from Left Corner to Centre Bishop
89%
Points around a 16 Point Compass Rose SSW
84%
The Five Senses (Without First Letter) mell
69%
Subtract 58 90
62%
Countries in Alphabetical Order Pakistan
59%
Surnames of Friends Characters Geller
53%
First Five Chinese Zodiac Signs Tiger
46%
First Five Books of the Bible Lev
45%
Middle letters of 1st, 2nd, 3rd, 4th, 5th hir
34%
Last Words of Narnia Titles (Chronological) Boy
19%
Christian Names of First Five US Presidents Thomas
16%
Jetpunk.com, backwards NU
5%
No matching quizzes found
Score Distribution
Percent of People with Each Score
Percentile by Number Answered
Your Score History
You have not taken this quiz